[Event "Biel GM"]
[Site "Biel"]
[Date "2003.07.30"]
[Round "9"]
[White "Morozevich, Alexander"]
[Black "Kortschnoj, Viktor Lvovich"]
[Result "1-0"]
[WhiteElo "2679"]
[BlackElo "2628"]
[Annotator "Finkel,A"]
[PlyCount "39"]
[EventDate "2003.07.21"]
[EventType "tourn"]
[EventRounds "11"]
[EventCountry "SUI"]
[EventCategory "16"]
[SourceTitle "CBM 097"]
[Source "ChessBase"]
[SourceDate "2003.11.11"]
[SourceVersion "1"]
[SourceVersionDate "2003.11.11"]
[SourceQuality "1"]

1. e4 e6 2. d4 d5 3. Nc3 Nf6 4. Bg5 Be7 5. e5 Nfd7 6. h4 c5 7. Bxe7 Kxe7 8.
dxc5 (8. Qg4 $5 Kf8 9. Nf3 (9. dxc5 Nc6 10. O-O-O b6 11. Nf3 bxc5 12. Rh3 h5
13. Qf4 $36 {Kashdan,I-Rothman,A/New York 1946}) 9... cxd4 (9... Nc6 10. dxc5
Nxc5 11. O-O-O a6 12. Rh3 h6 13. Rg3 Rg8 14. Bd3 Nxd3+ 15. Rxd3 Qb6 16. Rd2 Qc7
17. Qf4 Bd7 18. Ne2 $16 {Bogoljubow,E-Alekhine,A/POL 1942}) 10. Qxd4 Qb6 11.
Qd2 Qxb2 12. Rb1 Qa3 13. Nb5 Qxa2 14. Qb4+ Kg8 15. Nc3 a5 16. Qe7 Qxc2 17. Qe8+
$18 {Spielmann,R-Opocensky,K/Vienna 1923}) 8... Qc7 (8... Qa5 9. Qd2 h6 $4 10.
Nxd5+ {1-0 Velimirovic,D-Ristovic,N/Pozarevac 1995/CBM 49 ext (10)}) (8... Nxe5
9. Qd2 (9. Qe2 Nbc6 (9... Nec6 10. O-O-O Kf8 11. f4 Qe7 12. Nf3 Nd7 13. g4 h5
14. g5 g6 $15 {Gormally,D-Summerscale,A/York 2000}) 10. O-O-O Kf8 (10... Qa5
11. f4 d4 12. fxe5 dxc3 13. Qe3 Qxa2 14. Qg5+ Ke8 15. bxc3 Qa3+ 16. Kb1 Qxc3
17. Rh3 $44 {Hector,J-Gleizerov,E/Stockholm 2002}) 11. f4 (11. h5 h6 12. f4 Nd7
13. Nf3 Qa5 14. f5 Nxc5 15. Ne5 Qc7 $15 {Zdjelar,D-Kovacevic,B/Harkany 1998})
11... Nd7 12. Nf3 Nxc5 13. Kb1 b5 $6 (13... b6 14. f5 $5 exf5 (14... Qf6 $6 15.
g4 $1 $36 {[%cal Gf1h3,Gg4g5]}) 15. Rxd5 Qf6 16. Qd2 $36 {Minasian,A-Bagirov,R/
Batumi 2002/CBM 90}) 14. Qe3 Qb6 15. Rxd5 exd5 16. Nxd5 $16 {Sakaev,K-Ulibin,M/
Dubai 2000}) 9... Nbc6 10. O-O-O Re8 11. h5 h6 12. f4 Nd7 13. Bb5 Nxc5 14. Qe3
d4 15. Qe2 Bd7 16. Qc4 Qb6 $17 {Hector,J-Gleizerov,E/Aaland-Stockholm 1997}) (
8... Nc6 $5 9. Bb5 Nxc5 10. Bxc6 bxc6 11. Qg4 Qb6 12. b3 Qa5 13. Nge2 Ne4 $13 {
Lupi,P-Mashal,R/San Bernardo 2002}) 9. f4 Qxc5 10. Qd2 Nc6 11. Nf3 Nb6 12. a3
$5 {Thus far everything is theory. Somehow I have a feeling thatv after the
following game black won't hurry to enter this line again. Even though it
seems that if black played correctly on 17th move the position wouldn't be
perfectly clear.} (12. O-O-O Bd7 13. g4 $6 h6 14. g5 Rac8 15. h5 Na5 16. gxh6
gxh6 17. Qd4 Qxd4 18. Nxd4 $14 {Fontaine,R-Schaefer,M/Senden 2001}) 12... a5 (
12... Nc4 13. Bxc4 Qxc4 14. h5 h6 15. Rh4 Qc5 16. O-O-O $16) 13. h5 h6 14.
O-O-O Bd7 15. Kb1 a4 (15... Nc4 16. Bxc4 Qxc4 17. f5 b5 18. Rh4 Qc5 19. Ne4 {
[%csl Gb4]} Qa7 20. Nd6 $16) 16. Rh3 Rac8 17. Nb5 $6 Rhd8 $2 {Decisive mistake.
It was necessary to play} (17... Nxe5 $8 {with defendable position for black}
18. Nxe5 (18. Na7 Nec4 19. Nxc8+ Rxc8 20. Qd3 (20. Qd4 $2 Qxd4 21. Rxd4 e5 $17)
20... e5 21. Nxe5 Bxh3 22. gxh3) 18... Bxb5 19. Rc3 Nc4 20. Bxc4 dxc4 (20...
Bxc4 21. Rxc4 $18) 21. Rxc4 Rhd8 22. Rxc5 Rxd2 23. Rxd2 Rxc5 $13) 18. Nd6 $18 {
Now it's all over.} Rb8 19. Rg3 Kf8 20. Qd3 {[%csl Rg7][%cal Gd3h7]} 1-0

[Event "SUI-chT"]
[Site "Switzerland"]
[Date "2003.03.02"]
[Round "1.1"]
[White "Dautov, Rustem"]
[Black "Kortschnoj, Viktor Lvovich"]
[Result "1/2-1/2"]
[WhiteElo "2604"]
[BlackElo "2642"]
[Annotator "Dautov,R"]
[PlyCount "119"]
[EventDate "2003.03.23"]
[EventType "team-tourn"]
[EventRounds "9"]
[EventCountry "SUI"]
[SourceTitle "CBM 095"]
[Source "ChessBase"]
[SourceDate "2003.07.25"]
[SourceVersion "1"]
[SourceVersionDate "2003.07.25"]
[SourceQuality "1"]
[WhiteTeam "Luzern"]
[BlackTeam "Zuerich"]
[WhiteTeamCountry "SUI"]
[BlackTeamCountry "SUI"]

1. d4 Nf6 2. c4 e6 3. Nf3 b6 4. g3 Bb7 5. Bg2 Bb4+ 6. Bd2 c5 7. Bxb4 cxb4 8.
O-O O-O 9. Qd3 d6 10. Nbd2 Qc7 11. e4 ({Die andere gute Idee ist der zuvorige
Läuferabtausch vor dem Vorstoß e2-e4, auf diese Weise verhindert man die
Entstehung des "schlechten" Läufers g2. Z.B.,} 11. Rfd1 Re8 12. Rac1 Nbd7 13.
Nh4 Rac8 14. Bxb7 Qxb7 15. e4 g6 16. Ng2 e5 17. Ne3 $14 {Piket,J-Agdestein,S/
Tilburg 1989}) 11... e5 12. Ne1 {Ein recht geradliniges Vorgehen -der Springer
macht sich auf den Weg nach e3.} Nc6 ({Oder} 12... a5 13. Nc2 Re8 14. Rfe1 Nc6
15. Rac1 Nd7 16. Nf1 Rac8 17. b3 Nf6 18. Rcd1 Rcd8 19. f3 Ba6 20. Nfe3 Qb8 21.
Bf1 h6 22. Rd2 Nh7 23. f4 $14 {Zhu Chen-Torre,E/Bad Homburg 1998}) 13. Nc2 a5 {
Eine plausible Fortsetzung, aber chancenreicher war die Öffnung des Zentrums
nach 13...exd4. Auf diese Weise konnte Schwarz die Langsamkeit meines
Springermanövers unter Beweis stellen.} (13... exd4 $1 14. Nxd4 Nxd4 15. Qxd4
Qc5 16. Qd3 Rfe8 $132) 14. Rfd1 Rfe8 ({Jetzt wäre} 14... exd4 $6 15. Nxd4 Nxd4
16. Qxd4 Qc5 17. Nb3 $14 {nicht mehr gut für Schwarz}) 15. Rac1 Rad8 16. f3 Ba6
{Kortschnoi spielt logisch und stark, alle seine Figuren nehmen gute
Positionen ein. Es droht bereits d6-d5. Wie soll Weiß richtig vorgehen?} 17.
Qe3 $1 {Als erstes muß die Dame einen sicheren Platz auf f2 bekommen.} (17. Nf1
$2 {/\Nfe3} d5 18. exd5 Nxd5 $15) 17... h6 18. Qf2 Qa7 19. Bf1 $1 {Als
Nächstes wird das gegnerische Gegenspiel mit b6-b5 verhindert.} Rc8 20. b3 exd4
$2 {Eines der Hauptprobleme von Schwarz in dieser Variante ist Mangel an
aktivem Gegenspiel. Kortschnoi ist nicht bereit, ein langsames Spiel zu führen,
sucht nach Aktivität - und ruiniert schnell seine Stellung. Andererseits
beabsichtigt Weiß, nach Be2 (h3) den Nd2 über f1 nach e3 zu überführen, und es
läßt sich nicht leicht sagen, was Schwarz dagegen unternehmen könnte.} 21. Nxd4
Nxd4 22. Qxd4 Rc6 23. Bd3 Qe7 24. Nf1 Qe5 25. Qf2 Rec8 26. Ne3 $16 {Das Ziel
ist erreicht, und der weiße Vorteil ist außer Frage.} b5 {Dieses Gegenspiel
war geplant, aber Schwarz wird sich nicht daran erfreuen können.} 27. Rc2 $1
bxc4 28. Bxc4 Bxc4 {Angesichts der Schwächen a5 und d6 ließ sich der
Materialverlust kaum vermeiden. Kortschnoi gibt sofort einen Bauer.} 29. Nxc4
Qb5 30. Rxd6 a4 31. Rxc6 Rxc6 32. Rd2 axb3 33. axb3 $18 Rc8 {Weiß steht besser
und hat dazu einen Bauern mehr, also sollte der Rest nur eine Frage der
Technik sein. Nicht in dieser Partie...} 34. Kg2 $6 ({Deutlich besser war die
Aktivierung} 34. Qa7 $1) 34... Ra8 35. Qd4 Ne8 36. Qd5 $2 {Das ist schon eine
ernste Unaufmerksamkeit.} ({Nach} 36. Qd7 $1 $18 {bliebe der schwarze Springer
passiv.}) 36... Nc7 37. Qxb5 Nxb5 38. Kf2 Ra1 {Plötzlich wurden die schwarzen
Figuren aktiv. Dennoch sollte Weiß gewinnen können, nicht zuletzt weil sein
König im Spiel ist.} 39. Rd8+ $2 $138 ({Richtig war die Königsannährung} 39.
Ke3 $1 Rb1 40. Na5 Ra1 (40... Rc1 41. Rd8+ Kh7 42. Rb8 $18) 41. Nc6 Rb1 42.
Rd8+ Kh7 43. Rd3 Nc3 44. Nxb4 Rxb3 45. Nd5 Nd1+ 46. Kd4 Rxd3+ 47. Kxd3 $18)
39... Kh7 40. Rb8 Nd4 41. Nd2 $8 (41. Rxb4 $2 Ra2+ 42. Kf1 Nxf3 $14) 41... Ra2
42. Ke3 Nc2+ 43. Ke2 (43. Kd3 $2 Ne1+ 44. Ke2 Nxf3 $11) 43... Rb2 (43... Nd4+
44. Kd3 $16) 44. Rd8 Na1 45. Rd3 f6 46. f4 $1 {Der richtige Plan, den ich
leider nicht zur Vollendung bringe. Die schwarzen Figuren haben sich auf dem
Damenflügel verlaufen, und Weiß sollte schnell einen Freibauern kreieren.} ({
Weiß kann die ungewöhliche Position des gegnerischen Springers nicht direkt
ausnutzen:} 46. Kd1 Kg6 47. Kc1 Rc2+ 48. Kb1 $2 Rc3 $11) 46... h5 47. Kd1 ({
Warum nicht 47.e5?} 47. e5 $1 fxe5 48. fxe5 Kg6 49. Rf3 Rc2 (49... Nc2 50. Rf4
$18) 50. e6 Rc7 51. Kd1 Re7 52. Rf8 Rxe6 53. Ra8 $18) 47... Kg6 48. h4 $2 {
Das endgültige Aus der Gewinnhoffnungen. Es war noch nicht zu spät für 48.e5!}
(48. e5 $1 fxe5 (48... Kf7 49. Kc1 Rc2+ 50. Kb1 Rc3 51. Rd7+ Ke8 52. e6 Nxb3
53. Ne4 $18) 49. Kc1 Ra2 (49... Rc2+ 50. Kb1 Rc3 51. Rd6+ $18) 50. Kb1 Ra7 51.
fxe5 $18) 48... Kf7 49. Rd7+ Ke8 50. Rxg7 Nxb3 51. Nc4 Rg2 $1 52. Ne3 Kf8 $1
53. Nxg2 (53. Rb7 Rd2+ 54. Ke1 Rd4 $11) 53... Kxg7 54. e5 Nd4 55. exf6+ Kxf6
56. Ne3 b3 57. Kc1 Ne2+ 58. Kb2 Nxg3 59. Kxb3 Ne2 60. Kc4 1/2-1/2

[Event "Reykjavik Hrokurinn"]
[Site "Reykjavik"]
[Date "2003.02.24"]
[Round "6"]
[White "Shirov, Alexei"]
[Black "Kortschnoj, Viktor Lvovich"]
[Result "1/2-1/2"]
[WhiteElo "2723"]
[BlackElo "2642"]
[Annotator "Kortschnoj"]
[PlyCount "82"]
[EventDate "2003.02.18"]
[EventType "tourn"]
[EventRounds "9"]
[EventCountry "ISL"]
[EventCategory "15"]
[SourceTitle "CBM 094"]
[Source "ChessBase"]
[SourceDate "2003.05.26"]
[SourceVersion "1"]
[SourceVersionDate "2003.05.26"]
[SourceQuality "1"]

1. e4 {Postny} e5 2. Nf3 Nc6 3. Bb5 a6 4. Ba4 Nf6 5. O-O Nxe4 6. d4 b5 7. Bb3
d5 8. dxe5 Be6 9. Nbd2 Be7 {Since the line for simplification} (9... Be7 10.
Nxe4 dxe4 11. Bxe6 fxe6 12. Ng5 Qxd1 13. Rxd1 Bxg5 14. Bxg5 Nxe5 {yields
nothing special to white, black can with his quiet move direct the game into
the old but reliable branch of the open Spanish.}) 10. c3 O-O 11. Bc2 f5 {
It is hard to believe - Shirov has never seen this position in his chess life!}
12. exf6 {To my mind, after 12.Nb3 white has more chances to get an advantage.}
({Another line is} 12. Nb3 {(Postny) which is probably more promising for
white, but Shirov prefers to play open positions.}) 12... Nxf6 13. Nb3 (13. a4
{Postny} b4 14. Nd4 Nxd4 15. cxd4 Bd6 16. h3 Qd7 17. Nf3 Ne4 18. Ne5 Qe7 $11 {
1-0 Ricardi,P-Sorin,A/Villa Gesell 1996/CBM 52 (34)}) (13. Ng5 {(Postny) This
move was popular in the past, but nowadays considered as harmless for black.
For instanse:} Bg4 14. f3 Bc8 15. Re1 Qd6 16. Qe2 Bd7 17. Nb3 Rae8 18. Ne6 Bxe6
19. Qxe6+ Qxe6 20. Rxe6 Bd6 $11 {1/2-1/2 Kotov,A-Averbakh,Y/Moscow 1952/MCD 
(43)}) 13... Bg4 14. Qd3 Ne4 $6 {The theory, the blind theory, considers this
move to be the best.} ({The great specialist of the open Spanish, doctor Euwe,
preferred here a modest} 14... Bh5) ({I once for a while played here a solid} 
14... Qd7) 15. Nbd2 $1 {Bravo Shirov! It is the refutation of the cheeky Ne4.
Well, many games had been played by} (15. Nbd4 Nxd4 16. Nxd4 {and then after}
Bd6 17. Nxb5 Bxh2+ 18. Kxh2 Qh4+ 19. Kg1 Rf5 {black developed a (presumably)
irresistible attack.But now white obtains a better game.}) 15... Nf6 {The only
reply - after} (15... Bf5 16. Bb3 {black loses a pawn.}) 16. Ng5 {'?!' Postny.
Rather strait-forwarded, typical for Shirov's style. Postny: 'After 16.Nb3
white could repeat the position, but Shirov is certainly not the one who
avoids the fight.'} (16. a4 $5 {was a good alternative.}) 16... g6 {Or 16...h6
or 16...Ne5. If the knight's move works out, it would be the best. Say} (16...
Ne5 17. Qg3 Bd6 18. f4 Ng6 19. Ndf3 (19. Nxh7 $2 Kxh7 20. Qh4+ Bh5 21. g4 Kg8
$1 {Still, after 19.Ndf3 it would be not easy to find the next, satisfactory
move for black...})) 17. Ndf3 {17.Nxh7? meets a refutation - 17...Bf5.} Qd6 18.
h3 {'?!' Postny. Postny: 'Wasting time, since black was intending to play Bf5
anyway.'} ({Or} 18. Be3 Bf5 19. Qd2 Bxc2 20. Qxc2 Ng4 {with equality. (RR: -+)}
) (18. Re1 $142 {Postny}) 18... Bf5 19. Qe2 Bxc2 20. Qxc2 Rae8 {Postny: 'It's
clear, that black's position is more harmonious, while white has problems with
the Ng5 which has no place to retreat.'} 21. Be3 Qd7 $1 {Important regrouping
of black pieces - the black bishop comes to d6, the queen - eventually to g7.}
22. b3 {White does not pay attention to black's intentions.} (22. Nd4 {was
correct, with equal play.}) 22... Bd6 {Now Ng5 is in danger - black threatens
to win it by h7-h6.} 23. c4 {'?!' Postny. Postny: 'This is another optimistic
decision from Shirov. White is trying to find the way to harass the opponent's
king, however black is better prepared to the battle in the centre. '} (23. Nd4
$15 {Postny}) 23... Nb4 24. Qd2 {The best. If} (24. Qc3 c5 25. cxb5 d4 26. Nxd4
cxd4 27. Bxd4 Qf5 {- white loses a piece.}) 24... dxc4 25. bxc4 bxc4 {'-+'
Postny. Postny: 'The white queen no longer attacks the Pg6 and white is
actually defenceless against the threat h7-h6 trapping the knight.'} 26. Qc3 h6
{Or} (26... Nbd5 27. Qxc4 Qb5 $15) 27. Qxc4+ Nbd5 {'?' Postny.} ({After simple
} 27... Kg7 $19 {[%csl Rg5] (Postny) white's knight is doomed and it does not
seems, that white can find any compensation after this.}) 28. Bd4 {'!' Postny.}
Qb5 $2 {Shirov pointed out the following:} (28... hxg5 $1 29. Bxf6 c6 30. Bxg5
Rxf3 31. gxf3 Qxh3 32. f4 (32. Qh4 Nf4 33. Qxh3 Nxh3+ 34. Kg2 Nxg5 $17) 32...
Qg4+ 33. Kh1 Kf7 $19) 29. Qc2 Nf4 30. Bxf6 Rxf6 31. Ne4 {Postny: 'White has
managed to save his knight, but his position is still very suspicious, to say
the least...'} Rf7 {'?' Postny.} (31... Nxh3+ {Postny} 32. Kh1 (32. gxh3 Rxf3
33. Nxd6 Qg5+ 34. Kh2 cxd6 $19) 32... Rxf3 33. gxf3 Rxe4 $1 34. fxe4 (34. Qxe4
Nf4 $19 {[%csl Rh1][%cal Rb5h5]}) 34... Qh5 $19) 32. Rfe1 ({A bit more
accurate would be} 32. Nxd6 {Postny} cxd6 33. Rfe1 $11) 32... Ref8 {'?' Postny.
Postny: 'Black is continuing to collect his forces on the kingside, probably
overestimating his chances.'} (32... Nxh3+ {Postny} 33. gxh3 Rxf3 34. Nxd6 Qg5+
35. Kf1 Rxe1+ 36. Rxe1 cxd6 37. Re6 $11) 33. Nxd6 cxd6 34. Rad1 {'+/=' Postny.
Postny: 'Finally white has completed the development and black's pawn
weaknesses will become a factor now.'} Qh5 $2 {Time trouble Postny: 'This move
is probably connected with some miscalculations.'} (34... Qc5 $14) (34... Rf6
$14 {Postny}) 35. Rxd6 Nxh3+ 36. gxh3 Qxf3 37. Rxg6+ Rg7 38. Re7 $4 {Time
trouble Postny: 'Now it's Shirov's turn to spoil the advantage... The move in
the text looks like a time-trouble slip.'} (38. Rxg7+ Kxg7 39. Re7+ Rf7 40.
Rxf7+ Qxf7 41. Qc3+ Kg8 (41... Kh7 42. Qd3+) (41... Kf8 42. Qc8+) 42. Qb3)
38... Qxf2+ 39. Qxf2 Rxg6+ 40. Qg2 Rxg2+ 41. Kxg2 Rf4 1/2-1/2

[Event "George Marx Memorial 2nd"]
[Site "Paks"]
[Date "2004.06.15"]
[Round "10"]
[White "Portisch, Lajos"]
[Black "Kortschnoj, Viktor Lvovich"]
[Result "1/2-1/2"]
[WhiteElo "2573"]
[BlackElo "2579"]
[Annotator "Ftacnik,L"]
[PlyCount "52"]
[EventDate "2004.05.05"]
[EventType "tourn"]
[EventRounds "10"]
[EventCountry "HUN"]
[EventCategory "14"]
[SourceTitle "CBM 102"]
[Source "ChessBase"]
[SourceDate "2004.09.23"]
[SourceVersion "1"]
[SourceVersionDate "2004.09.23"]
[SourceQuality "1"]

1. d4 d5 2. c4 e6 3. Nc3 c5 4. cxd5 exd5 5. Nf3 Nc6 6. g3 Nf6 7. Bg2 Be7 8. O-O
O-O 9. Be3 c4 10. Ne5 Be6 11. Nxc4 dxc4 12. d5 Nxd5 13. Nxd5 Nb4 $146 {
Kortschnoj has an independent mind and finds a new idea in a well known
position. So far only solutions with Bf6 were always tried.} (13... Bf6 14. Rc1
(14. Qd2 Bd4 (14... Bxd5 15. Bxd5 Bxb2 16. Bxf7+ Rxf7 17. Qxb2 Qa5 18. Rac1 b5
19. Rfd1 a6 20. Rd6 {1-0 Lutz,R-Reeh,O/Bad Lauterberg 1981/ (47)}) 15. Nf4 Qb6
16. Bxd4 Nxd4 17. e3 Nf5 18. Nxe6 fxe6 19. Qc3 Rac8 20. b3 Nd6 21. bxc4 Rxc4
22. Qb3 {1/2-1/2 Krogius,N-Balashov,Y/Sochi 1973/ (52)}) (14. Nxf6+ Qxf6 15.
Bxc6 (15. Qc1 Rac8 16. Qc3 Qe7 17. Rfd1 Rfd8 18. a3 Rd7 19. Kf1 Rcd8 20. Ke1 f6
21. Rxd7 Qxd7 22. Qc2 Bd5 23. Rd1 Qe6 24. Bxd5 Rxd5 25. Rxd5 Qxd5 {1/2-1/2
Appel,R-Novik,M/Leningrad 1991/ (50)}) 15... bxc6 16. Qd4 Qe7 17. Qc5 Qxc5 18.
Bxc5 Rfd8 19. Bb4 Rd7 20. f3 f6 21. g4 h5 22. h3 Kf7 {1/2-1/2 Miles,
A-Petursson,M/Reykjavik 1980/ (120)}) 14... Bd4 (14... Bxb2 15. Rxc4 Ne7 16.
Nxe7+ Qxe7 17. Bc5 Qc7 18. Rc2 Rac8 19. Be4 Rfd8 20. Qb1 Qe5 21. Rxb2 Rxc5 22.
Bxh7+ Kh8 23. Bd3 {1-0 Tukmakov,V-Szitas,G/Aix les Bains 1991/ (31)}) 15. Bxd4
Bxd5 16. e4 Bxe4 17. Bxe4 Nxd4 18. Rxc4 Ne6 19. Qc2 g6 20. Bxb7 Rb8 21. Bg2 {
1-0 Botvinnik,M-Unzicker,W/Oberhausen 1961/ (59)}) (13... Rc8 14. Qd2 Bf6 15.
Nxf6+ Qxf6 16. Bg5 Qg6 17. Rfd1 h6 18. Bf4 b5 19. Qe3 Qf6 20. Qc5 Bg4 21. Rac1
Rfd8 22. Rxd8+ Nxd8 23. Qxb5 Bxe2 24. Qe8+ {1-0 Espig,L-Gruenberg,H/Eilenburg
1984/ (24)}) 14. Nf4 (14. Nxb4 Bxb4 15. Bxb7 Rb8 16. Be4 Qa5 17. Bf4 Rbd8 18.
Qc2 Bd2 19. Bxh7+ Kh8 20. Be4 Bxf4 21. gxf4 Rd2 22. Qc3 Qxc3 23. bxc3 Rxe2 24.
Rfe1 $14) 14... Bf5 (14... Qc7 15. Qb1 Bf6 16. Be4 h6 17. a3 Nc6 $13) 15. Rc1 (
15. Bxb7 $6 Rb8 16. Bf3 Nc2 $15) 15... Qc7 (15... Rc8 16. a3 Nc2 17. Bxa7 $16)
16. Nd5 Nxd5 (16... Qd8 17. Nxb4 Bxb4 18. Rxc4 $16) 17. Bxd5 Rad8 (17... Qa5
18. Bxc4 (18. Rxc4 Rad8) 18... Bh3 19. Bd2 Qb6 20. Re1 Rfd8 $11) 18. Rxc4 Qa5
19. Rd4 Bh3 (19... Bf6 20. b4 Qc7 21. Rd2 Bc3 22. Bf4 Qc8 23. Bxb7 Rxd2 24.
Qxd2 Qxb7 25. Qxc3 Bh3 26. Qf3 Qxf3 27. exf3 Bxf1 28. Kxf1 $11) 20. Bg2 $6 {
The only critical moment of the battle, retreat of the bishop is too meek.
White can fight for an advantage with the more ambitious 20.Re1!?} (20. Re1 $5
Be6 21. Bxe6 (21. Bxb7 Bc5 22. Rxd8 Rxd8 23. Bxc5 Rxd1 24. Rxd1 f6 25. b4 Qxa2
$11) 21... fxe6 22. Qb1 Rxd4 23. Bxd4 e5 24. Bc3 Bb4 25. Qd1 Bxc3 26. Qb3+ $14)
20... Bxg2 21. Kxg2 Qxa2 22. Qa1 Qb3 23. Rfd1 (23. Rxd8 Rxd8 24. Qxa7 Qxb2 25.
Bb6 Re8 $11) 23... a6 24. R1d3 Qb5 25. Qa2 Qc6+ (25... Bf6 $5 26. Rxd8 Rxd8 27.
Rxd8+ Bxd8 $15) 26. Kg1 Rxd4 1/2-1/2

[Event "Beersheba m"]
[Site "Beersheba"]
[Date "1995.??.??"]
[Round "5"]
[White "Kortschnoj, Viktor Lvovich"]
[Black "Greenfeld, Alon"]
[Result "1/2-1/2"]
[WhiteElo "2635"]
[BlackElo "2570"]
[Annotator "Knaak,R"]
[PlyCount "94"]
[EventDate "1995.??.??"]
[EventType "match"]
[EventRounds "6"]
[EventCountry "ISR"]
[SourceTitle "CBM 051"]
[Source "ChessBase"]
[SourceDate "1996.04.01"]
[SourceVersion "1"]
[SourceVersionDate "1996.04.01"]
[SourceQuality "1"]

1. d4 d5 2. c4 c6 3. Nf3 Nf6 4. Nc3 dxc4 5. a4 Bf5 6. Ne5 e6 7. f3 Bb4 8. e4
Bxe4 9. fxe4 Nxe4 10. Bd2 Qxd4 11. Nxe4 Qxe4+ 12. Qe2 Bxd2+ 13. Kxd2 Qd5+ 14.
Kc3 O-O (14... b5 15. Rd1 Qc5 16. axb5 cxb5 17. Qe4 (17. Nxf7 b4+ 18. Kc2 Qf5+
19. Kc1 Kxf7 $13) 17... O-O 18. Qxa8 (18. Kc2 Na6 19. Nd7 Nb4+ $13) 18... Qxe5+
19. Kc2 Qc7 {Levitt} (19... Na6 {Hertneck} 20. Qf3 Nb4+ 21. Kb1 $16) 20. Qf3
Nc6 21. Kb1 $16) 15. Qe3 (15. Rd1 Qa5+) (15. Nxc4 b5 16. Ne5 (16. Ne3 Qc5+ 17.
Kb3 Nd7 $17) 16... Na6 (16... a5 {/\ Na6-/+}) 17. axb5 Nc5 18. Nxc6 Qb3+ 19.
Kd4 Rfd8+ 20. Nxd8 Rxd8+ 21. Kxc5 Rd5+ $2 (21... Rc8+ $10) 22. Kc6 $18) 15...
b5 16. Be2 (16. axb5 cxb5 17. Be2 Nd7 18. Nxd7 Qxd7 19. Bf3 Rac8 {/\ b4} (19...
b4+ 20. Kxc4 Rac8+ 21. Kb3 $16) 20. Rxa7 b4+ 21. Kc2 (21. Kxb4 $2 Qd6+ $1 {
Hertneck} 22. Ka4 (22. Kc3 Rb8 $40) 22... Rb8 23. Qc3 Rb3 24. Qxc4 Rfb8 $40)
21... Qb5 (21... Qd6 22. g3 b3+ $6 23. Kc3 Rb8 24. Ra4 $16) (21... Qd8 22. Rd1
Qf6 23. Qd4 $16) 22. Rd1 c3 (22... g6 23. Rdd7 b3+ 24. Kc3 Rb8 25. Rdb7 $18) (
22... b3+ 23. Kb1 (23. Kc3 $2 Rb8) 23... g6 {/\ 24... Qf5 25.Be4 Qe5} 24. g4 {
>< f5} Qb8 {/\ 25... Qh2, 25... c3} 25. Ra4 Qxh2 $5 {Gelfand,B-Huebner,R/
Munich (04) ;CBM 30 1992/1/2-1/2 (58)} (25... Qb5 26. Ra7 Qb8 $10)) 23. b3 Rcd8
24. Be2 Qb8 25. Rxd8 Rxd8 26. Bd3 Qxh2 27. Qf2 f5 28. Qe2 e5 29. Qf2 e4 30.
Bc4+ Kh8 31. Bd5 Qe5 32. Qc5 h6 33. Re7 Qxd5 34. Re8+ Kh7 35. Qxd5 Rxd5 36. Rb8
Rd4 {0-1 Ward,C-Wagner,C/Paris-London (07) ;EXP 45 1994}) 16... f6 (16... Nd7
$1 17. Nxd7 Qxd7 18. Bf3 Rac8 19. Rhd1 Qe7 20. Kc2 a6 21. Qe5 Qb4 {1/2-1/2
Piket,J-Kramnik,V/Monaco blind (08) ;EXP 46 1995 (37)}) 17. axb5 (17. Nxc4 bxc4
18. Bxc4 Qa5+ 19. b4 Qc7 20. Qxe6+ Kh8 21. Rhd1 a5 22. b5 {1-0 Cvitan,O-Hector,
J/Geneve op (08) ;EXP 46 1995 (38)}) (17. Nf3 Nd7 18. Rhd1 Nb6 19. axb5 cxb5
20. Qxb6 axb6 21. Rxd5 exd5 22. Rxa8 Rxa8 23. Nd4 Re8 24. Bf3 {Hertneck,G-Haba,
P/BL 9293 (1993) ;BL 90 1993/1-0 (54)}) 17... Qxe5+ 18. Qxe5 fxe5 19. Rhf1 (19.
b6 $5 Nd7 20. bxa7 Rf7 21. Ra5 Nb6 22. Rha1 Nc8 23. Bxc4 Kf8 24. Bxe6 Rfxa7 25.
Rf1+ Ke7 26. Rxe5 Kd6 $14) 19... Rxf1 20. Rxf1 Nd7 21. bxc6 Nf6 22. Kxc4 (22.
Ra1 $5) 22... Rc8 23. Kb5 Rb8+ $1 $10 24. Ka5 Rxb2 25. Rc1 Ra2+ 26. Kb5 Rb2+
27. Ka6 Ne8 28. Bg4 Nc7+ 29. Kxa7 Kf7 (29... Rxg2 $2 30. Kb7 $16) 30. Rd1 Kf6
31. Rd7 Nd5 32. Rxd5 (32. c7 Rc2 (32... Nxc7 33. Rxc7 Rxg2 $10) 33. Kb7 Rb2+
$10) 32... exd5 33. c7 Rc2 34. Kb6 Kg5 35. Bd7 {/\ 36.Bc6+-} Rxc7 36. Kxc7 Kf4
37. Kd6 d4 38. g3+ (38. Kd5 d3 39. Ba4 Ke3 40. Kxe5 Kf2 41. g4 Kg2 $10) 38...
Kf3 39. Kxe5 Kg2 40. Kf4 Kxh2 41. g4 d3 42. Bc6 Kg1 43. Ke3 Kh2 44. g5 Kg3 45.
Bf3 h5 46. g6 h4 47. Be4 h3 1/2-1/2